| 000 | 00718nam a2200241 a 4500 | ||
|---|---|---|---|
| 001 | 12759 | ||
| 003 | BD-JhCC | ||
| 005 | 20230510162958.0 | ||
| 008 | 230510b2020 bg a|||| ||a| 00| 0 ben d | ||
| 020 | _a9789848179420 | ||
| 035 | _a(BD-JhCC)12759 | ||
| 040 |
_aBD-JhCC _dBD-JhCC |
||
| 041 | _aBengali | ||
| 082 |
_a923.1 _bSAL 2020 |
||
| 100 | _aসালাউদ্দিন, ইমন | ||
| 245 |
_aসাহিত্যে বঙ্গবন্ধু / _cইমন সালাউদ্দিন। |
||
| 260 |
_aঢাকা : _bতাম্রলিপি ; _c২০২০. |
||
| 300 |
_a112 p. : _bill; _c22 cm. |
||
| 600 | _aBangabandhu | ||
| 650 | _aBiography | ||
| 942 |
_2ddc _cBK |
||
| 999 |
_c12759 _d12759 |
||